| 000 -ლიდერი |
| ფიქსირებული სიგრძის საკონტროლო ველი |
01187nam a2200229Ia 4500 |
| 001 - საკონტროლო ნომერი |
| საკონტროლო ველი |
20279 |
| 003 - საკონტროლო ნომრის იდენტიფიკატორი |
| საკონტროლო ველი |
GE_BSU |
| 005 - ბოლო ოპერაციის თარიღი და დრო |
| საკონტროლო ველი |
20200825152020.0 |
| 008 - ფიქსირებული სიგრძის მონაცემთა ელემენტები - ზოგადი ინფორმაცია |
| ფიქსირებული სიგრძის საკონტროლო ველი |
181216s1936||||ge |||||||||||||| ||geo|| |
| 040 ## - კატალოგიზაციის წყარო |
| Transcribing agency |
GE_BSU |
| 041 ## - ენის კოდი |
| Language code of text/sound track or separate title |
geo |
| 080 ## - უნივერსალური ათობითი კლასიფიკაციის ინდექსი |
| Universal Decimal Classification number |
811.353.1-6 კ-25 |
| 100 ## - მთავარი ჩანაწერი - პიროვნების სახელი |
| Personal name |
კარბელაშვილი, დავ. |
| 9 (RLIN) |
9337 |
| 245 ## - ცნობა სათაურის შესახებ |
| Title |
ენის ახალი მოძღვრების (იაფეტიდოლოგიის) ძირითადი დებულებანი : |
| Remainder of title |
ეძღვნება ნ. მარის უკვდავ ხსოვნას / |
| Statement of responsibility, etc |
დავ. კარბელაშვილი. |
| 264 ## - წარმოების, გამოცემის, დისტრიბუციის და სხვა ცნობები |
| გამოცემის, წარმოების, დისტრიბუციის... ადგილი |
ტფილისი : |
| გამოცემის, წარმოების, დისტრიბუციის... სახელწოდება |
ტფილისის სახ.უნ-ტის გამ-ბა, |
| გამოცემის, წარმოების, დისტრიბუციის... თარიღი |
1936. |
| 300 ## - ფიზიკური აღწერა |
| Extent |
42 გვ. ; |
| Dimensions |
22 სმ. |
| 520 ## - SUMMARY, ETC. |
| Summary, etc |
ეძღვნება ნ. მარის უკვდავ ხსოვნას |
| 653 ## - INDEX TERM--UNCONTROLLED |
| Uncontrolled term |
ენის ახალი მოძღვრების (იაფეტიდოლოგიის) ძირითადი დებულებანი |
| 653 ## - INDEX TERM--UNCONTROLLED |
| Uncontrolled term |
იაფეტიდოლოგია |
| 942 ## - ADDED ENTRY ELEMENTS (KOHA) |
| Koha item type |
წიგნი |
| Source of classification or shelving scheme |
|